[Event "Eurotel Trophy"]
[Site "Prague"]
[Date "2002.04.28"]
[Round "1.2"]
[White "Anand, Viswanathan"]
[Black "Timman, Jan H"]
[Result "1-0"]
[WhiteElo "2752"]
[BlackElo "2616"]
[Annotator "Tsesarsky,I"]
[PlyCount "43"]
[EventDate "2002.04.28"]
[EventType "k.o. (rapid)"]
[EventRounds "5"]
[EventCountry "CZE"]
[SourceTitle "CBM 089"]
[Source "ChessBase"]
[SourceDate "2002.08.12"]
[SourceVersion "1"]
[SourceVersionDate "2002.08.12"]
[SourceQuality "1"]

1. Nf3 Nf6 2. c4 c5 3. g3 Nc6 4. Nc3 d5 5. d4 e6 6. cxd5 Nxd5 7. Bg2 Be7 (7...
Ndb4 $1 {-the best move in this position, see comments to the game 1/2-1/2
Stefansson,H-Macieja,B/Paget Parish 2001/CBM 81_01[Tsesarsky,I] (19)}) 8. O-O
O-O 9. Nxd5 exd5 10. dxc5 Bxc5 11. Bg5 f6 $6 $14 ({Better seemes} 11... Qb6 12.
Rc1 d4 13. Qc2 (13. Nd2 $6 {-see comments to the game 0-1 Larsen,B-Hansen,L/
Odense 1994/CBM 41[Kortchnoi,V] (42)}) 13... Bd6 14. Nd2 Be6 15. Nc4 Bxc4 16.
Qxc4 h6 17. Bd2 Qxb2 18. Rfd1 Qb6 (18... Rac8 19. Rb1 Qa3 20. Bc1 Qc5 21. Qxc5
Bxc5 22. Rxb7 $14 {1-0 Illescas Cordoba,M-Tukmakov,V/Wijk aan Zee 1993/CBM 34 
(60)}) 19. Qa4 (19. Bxc6 Rac8 20. Qd5 Rxc6 21. Rxc6 Qxc6 22. Qxd4 Bc5 $11)
19... Rac8 20. Bxc6 Rxc6 21. Ba5 Qa6 22. Rxc6 bxc6 23. Rxd4 Bc5 24. Rc4 {
1/2-1/2 Kortschnoj,V-Lautier,J/Barcelona 1992/CBM 30 (24)}) 12. Bd2 Bf5 (12...
Re8 13. Rc1 (13. e3 Bf5 14. Bc3 (14. Qb3 Bb6 15. Bc3 Be4 16. Rad1 {1-0
Agdestein,S-Elseth,R/Asker 1988/EXT 97 (26)}) 14... Be4 15. Nd4 Bxd4 16. Bxd4
Bxg2 17. Kxg2 Qe7 18. Qf3 {1/2-1/2 Uhlmann,W-Tukmakov,V/Leipzig 1975/MCL (18)})
13... Bb6 14. e3 Bf5 15. Bc3 Be4 (15... Qd7 16. Bd4 Nxd4 17. Nxd4 {1/2-1/2
Chernin,A-Lputian,S/Minsk 1987/URS-ch (17)}) 16. Qb3 Kh8 17. Rfd1 $14 {1-0
Larsen,B-Agdestein,S/Gausdal 1985/MCD (46)}) (12... Be6 13. e3 Qd7 14. Bc3 (14.
Rc1 Bb6 15. Bc3 $14 {[%csl Gd4,Rd5] 1-0 Khalifman,A-Lukin,A/St Petersburg 1994/
CBM 43 ext (46)}) 14... Rad8 15. Bd4 (15. Rc1 Bb6 16. a3 Bh3 17. b4 Bxg2 18.
Kxg2 Rfe8 19. Qb3 Qf5 20. Qc2 Qh5 21. a4 a6 22. a5 Bc7 23. Qb2 $14 {1/2-1/2
Anand,V-Comp Fritz 5/Frankfurt 1998/EXT 99 (46)}) 15... Bd6 (15... Nxd4 16.
Nxd4 Bh3 17. Rc1 Bxg2 18. Kxg2 Bb6 19. Qd3 Rfe8 20. Rfd1 Re4 21. Ne2 Re5 22.
Qb3 $14 {[%csl Gd4,Rd5] 1-0 Larsen,B-Jacobs,B/Lugano 1989/TD (59)}) 16. Rc1
Rfe8 17. Qb3 Na5 18. Qc3 b6 19. Qd2 Nc4 20. Qd1 Bb4 21. b3 Na5 22. Bc3 Ba3 23.
Rc2 Bf5 24. Rd2 Be4 25. Nd4 $14 {[%csl Gd4,Rd5] 1-0 Korchnoi,V-Sturua,Z/Basle
SUI 2001/The Week in Chess 324 (67)}) (12... Bb6 13. b4 {-see comments to the
game 1/2-1/2 Lalic,B-Plaskett,J/Southend 1999/CBM 71[Alterman,B] (22)}) 13. b4
$1 {Interesting novelty that leads to stable White's initiative.} ({Not badly
also} 13. Qb3 Bb6 14. Be3 $14 {-see comments to the game 1-0 Kramnik,V-Kengis,
E/Riga 1995/CBM 47 [Ftacnik,L](41)} (14. Rad1 Be4 15. Bc3 Qe7 16. e3 Rad8 17.
Bd4 Nxd4 18. Nxd4 Bxg2 19. Kxg2 Qe4+ 20. Kg1 h5 21. Ne2 Qc4 22. Nf4 Qxb3 23.
axb3 d4 24. Ne6 $16 {1-0 Larsen,B-Bareev,E/Naestved 1988/EXT 2000 (50)})) 13...
Bb6 {Timman had decided remain Pb4 alive...} ({Worth of attention the Pb4
capture:} 13... Nxb4 14. Bxb4 (14. Qb3 Nc6 15. Qxb7 Qb6 16. Qxb6 axb6 $11) (14.
Nd4 Bxd4 15. Bxb4 Bxa1 16. Bxd5+ Kh8 17. Bxf8 $11) 14... Bxb4 15. Nd4 Bc8 (
15... Bg4 16. Qb3 $14) 16. Qb3 Qe7 17. Rab1 (17. Bxd5+ Kh8 18. Rfd1 Rb8 19.
Rab1 Bc5 20. e3 Rd8 21. Bf3 Bd7 $132) 17... Bc5 18. Qxd5+ Kh8 19. Nf5 Qe5 20.
Qxe5 fxe5 21. Rb5 Bxf5 22. Rxc5 $14) 14. b5 Ne7 15. Bb4 Be4 $6 {This move
looks excellent: the Pd5 is protected, Be4 located well, but next strong reply
refutes the last move...} (15... Re8 16. Nd4 Bg4 (16... Be4 17. Bh3 $16 {
[%csl Re6]}) 17. Rc1 Qd7 18. Re1 $14) 16. Bh3 $1 {[%cal Gh3c8] In view ot
f7-f6 weakens e6 square Bh3 is placed very well.} Kh8 17. Nd4 {[%csl Re6][%cal
Gd4e6,Gh3c8]} Re8 (17... Qe8 $143 $6 {[%cal Ge8h5]} 18. e3 (18. Ne6 Rf7 19. a4
Nf5 20. Nc5 Bxc5 21. Bxc5 Rc7 22. Bxa7 $1 (22. Rc1 $2 b6 23. Ba3 Rxc1 24. Bxc1
Qh5 25. Bg2 Bxg2 26. Kxg2 Rc8 $132) 22... Qh5 23. Bg2 Rc4 24. Bb6 Bxg2 25. Kxg2
$16)) 18. a4 {[%csl Rb6][%cal Ga4a5]} Bxd4 $1 {Of course, Nd4 is very
unpleasant, and it's exchange makes Black's defence easier.} (18... a6 $143 $5
$16) 19. Qxd4 Nf5 $6 $16 {[%cal Gf5d6]} ({Better was first} 19... a5 20. Ba3 {
and here} Nf5 {[%cal Gf5d6,Gd6c4]} 21. Qd2 Nd6 {[%cal Gd6c4]} 22. Bc5 Nc4 23.
Qd1 Qc7 24. Bd4 $14) 20. Qd2 Qb6 $2 $18 {[%csl Rb6,Rd5,Re4,Rf5] Terrible
mistake: now not only Nf5 and Be4 will be vulnerable, but Qb6 too...} ({
Right was} 20... Nd6 {[%cal Gd6c4]} 21. Rac1 Nc4 22. Qd4 a6 23. Rfd1 ({
Premature is} 23. f3 $2 Bg6 24. e4 axb5 25. axb5 Ra4 26. exd5 Rxb4 27. Rxc4
Rxc4 (27... Rxb5 28. d6 $16) 28. Qxc4 Bf7 29. Be6 Qb6+ 30. Kg2 Bxe6 31. dxe6
Qxe6 32. Qxe6 Rxe6 33. Rd1 Kg8 34. Rd7 Rb6 35. Rd5 $11) 23... axb5 24. axb5 Qc7
(24... Qb8 $2 25. Bd7 Rd8 26. Be6 $16) (24... Ra4 $2 25. Rxc4 $18) 25. f3 Bg6 (
25... Ra4 26. fxe4 Rxb4 27. exd5 $18) 26. Qxd5 $16) 21. Rac1 {[%csl Rd5,Re4,
Rf5] White has decisive advantage: the pair of BB and isolated Pd5, Be4 and
Nf5 are vulnerable...} Nd4 $6 ({Another continuations wouldn't be much better:
} 21... Qd4 22. Rfd1 Qxd2 23. Rxd2 Rac8 (23... a5 24. bxa6 Rxa6 25. f3 $18) 24.
Rxc8 Rxc8 25. f3 Bb1 26. e4 $18) (21... Rac8 22. a5 (22. Bxf5 Bxf5 23. Qxd5 $16
) 22... Qxb5 23. f3 Bc2 24. Rxc2 Rxc2 25. Qxc2 Nxg3 26. hxg3 Qxb4 27. Qc7 $18)
22. a5 {[%csl Rd4]} 1-0

[Event "Eurotel Trophy"]
[Site "Prague"]
[Date "2002.05.01"]
[Round "3.1"]
[White "Sokolov, Ivan"]
[Black "Anand, Viswanathan"]
[Result "1/2-1/2"]
[WhiteElo "2647"]
[BlackElo "2752"]
[Annotator "Huzman,A"]
[PlyCount "67"]
[EventDate "2002.04.28"]
[EventType "k.o. (rapid)"]
[EventRounds "5"]
[EventCountry "CZE"]
[SourceTitle "CBM 089"]
[Source "ChessBase"]
[SourceDate "2002.08.12"]
[SourceVersion "1"]
[SourceVersionDate "2002.08.12"]
[SourceQuality "1"]

1. d4 d5 2. c4 dxc4 3. Nf3 e6 4. e3 Nf6 5. Bxc4 c5 6. O-O a6 7. a4 cxd4 8. exd4
Nc6 9. Nc3 Be7 10. Bg5 O-O 11. Re1 h6 12. Bh4 Qb6 ({Probably Anand didn't want
to fight for a draw after} 12... Nh5 13. Bxe7 Nxe7 14. d5 Nxd5 15. Nxd5 exd5
16. Qxd5 Qxd5 17. Bxd5 Nf4 18. Be4 Rb8 19. Rad1 (19. g3 Ne6 20. Ne5 g5 21. Rad1
Kg7 22. a5 Rd8 23. Bd5 $14 {1/2-1/2 Kharlov,A-Zoler,D/Berlin 1997/CBM 59 ext 
(43)}) 19... Ne6 20. Ne5 Nc5 21. Bd5 Nxa4 22. Ng6 $16 {1-0 Eingorn,V-Stempin,P/
Uzhgorod 1988/TD (39) , but his choice also gives to black a difficult life.})
13. Qd2 Rd8 14. Rad1 Qa5 (14... Qb4 $5 15. Ba2 $1 (15. Qe2 g5 16. Bg3 g4 17.
Ne5 Nxd4 18. Qe3 Nf5 (18... Nc2 19. Qxh6 Nxe1 20. Qg5+ $11) 19. Rxd8+ Bxd8 20.
Qe2 Nxg3 21. hxg3 h5 $13) 15... b5 $140 16. d5 $1 exd5 (16... bxa4 17. Qe2 exd5
18. Bxd5 $1 $16) 17. Nxd5 Nxd5 (17... Qxd2 18. Nxe7+ Nxe7 19. Nxd2 Ng6 20. Bxf6
gxf6 21. Ne4 $16) 18. Bxd5 Qxd2 19. Rxd2 Bxh4 20. Bxc6 $18) 15. d5 $1 {A
typical and very strong breakthrough! The white pieces are ideally placed and
are ready for opening of the position.} Qc5 (15... exd5 16. Nxd5 Qxd2 (16...
Rxd5 17. Bxd5 Bb4 18. Qd3 Bxe1 19. Bxf6 $18) 17. Nxe7+ Nxe7 18. Nxd2 $16) 16.
Qe2 exd5 17. Bxf6 Bxf6 18. Rxd5 (18. Nxd5 Bf5 19. Nxf6+ gxf6 20. Rc1 Qb4 21. b3
$16) 18... Qf8 (18... Rxd5 19. Qe8+ Qf8 20. Nxd5 $16) 19. Rxd8 Bxd8 (19... Nxd8
20. Nd5 $16) 20. Qe8 g5 21. Bxf7+ Kg7 22. Qxf8+ ({I think at this moment White
missed his chances for a big advantage. Much stronger was} 22. Bd5 $1 Ne7 23.
Qxf8+ Kxf8 24. Be4 Bb6 (24... Ba5 25. Ne5 $16 {/+-})) 22... Kxf8 23. Bd5 (23.
Be6 $5 Bf6 $1 24. Nd5 Bxe6 25. Rxe6 (25. Nxf6 Kf7 26. Ne4 Rd8 27. Nc5 (27.
Nexg5+ hxg5 28. Nxg5+ Kf6 29. Nxe6 Re8 $17) 27... Bc8 $14) 25... Bg7 $14) 23...
Bd7 24. Ne4 (24. Ne5 Nxe5 25. Rxe5 Bf6 26. Re3 Rb8 $14) 24... Be7 25. g3 Rd8
$14 26. h4 Bg4 $1 27. Bxc6 Bxf3 28. Bxb7 gxh4 $132 29. Bxa6 Rd4 30. Nc3 hxg3
31. fxg3 Rd2 $1 32. Be2 $6 (32. Re5 $5 Bg4 33. a5 Rxb2 34. Ne4 $16) 32... Bc5+
33. Kh2 Bc6 $44 34. Kh3 1/2-1/2

[Event "Eurotel Trophy"]
[Site "Prague"]
[Date "2002.05.01"]
[Round "3.2"]
[White "Anand, Viswanathan"]
[Black "Sokolov, Ivan"]
[Result "1-0"]
[WhiteElo "2752"]
[BlackElo "2647"]
[Annotator "Anand,V"]
[PlyCount "151"]
[EventDate "2002.04.28"]
[EventType "k.o. (rapid)"]
[EventRounds "5"]
[EventCountry "CZE"]
[SourceTitle "CBM 089"]
[Source "ChessBase"]
[SourceDate "2002.08.12"]
[SourceVersion "1"]
[SourceVersionDate "2002.08.12"]
[SourceQuality "1"]

1. e4 e5 2. Nf3 Nc6 3. Bb5 a6 4. Ba4 Nf6 5. O-O Be7 6. Re1 d6 {OK, Ivan wants
to play a Steinitz variation. He played a Main Line Spanish against Leko.} 7.
c3 (7. Bxc6+ bxc6 8. d4 {Ivan has played a lot of games here recently. I found
5 games in 2001.}) 7... O-O 8. h3 b5 {A very funny move order - Black offers
White a choice.} 9. Bc2 {Later, Michael Adams with our game from Delhi in mind
said - "I see you are still up to the same tricks!"} Bb7 10. d4 exd4 {Of
course, 10...Re8 11.Nbd2 gives White an important tempo in the Zaitsev, so
Black has no choice here.} 11. cxd4 Nb4 12. Bb3 (12. Nbd2 Nxc2 13. Qxc2 {
Followed by b3 and Bb2 can also be considered.}) 12... c5 (12... Bxe4 $1 13.
Rxe4 Nxe4 14. a3 d5 15. axb4 Bxb4 {was perfectly playable for Black}) 13. a3
Nc6 14. Nc3 Nxd4 (14... c4 15. Bc2 d5 16. e5 $16) 15. Nxd4 cxd4 16. Qxd4 $14 {
Here White has a highly improved version (the knight is usually on f1) with
the Nc3, so he is better.} Nd7 17. Nd5 Nc5 18. Ba2 Bxd5 19. Qxd5 $1 (19. Bxd5
Bf6) 19... Rc8 20. Bf4 Ne6 21. Bg3 {I wanted to keep an eye on d6, but Be3 is
also OK.} Rc2 22. Rab1 Qb6 23. Qd1 $1 Nd4 24. Bb3 Rcc8 25. Bd5 Bf6 (25... Rc2
$2 26. Bf4 $1 Bf6 27. Be3 Rfc8 28. Qd3 $18 {Wins}) 26. Bf4 Qc7 27. Qd2 {
White is making steady progress - soon all Black's pieces will be driven back.}
Be5 28. Be3 Qc2 (28... Ne6 29. f4 Bf6 30. Rec1 $16) 29. Red1 $1 (29. Rbd1 $2
Qxd2 30. Rxd2 Nc2) 29... Qxd2 30. Rxd2 Ne6 31. Rbd1 {White now will expand
with g3 and f4. Black can't double on the c-file since White can always
disrupt that with Bb6} Nc5 32. b3 Rfe8 33. Rc2 g6 (33... Ne6 34. Rdc1 (34. Rxc8
Rxc8 35. Bxe6 fxe6 36. f4 Bf6 37. Rxd6 $16) 34... Rxc2 35. Rxc2 $16) 34. Rdc1
Rb8 35. b4 Nd3 36. Rd1 Nf4 37. Bxf4 {White doesn't need the two bishops
anymore.} Bxf4 38. Rc7 Rf8 39. g3 Be5 40. Ra7 h5 {Until now White has played
flawlessly, but now the mistakes start.} 41. Rxa6 {Not a bad move, but the
pawn isn't going anywhere, so why not h4 first?} (41. h4 $18) 41... h4 42. gxh4
(42. f4 Bb2 43. gxh4 $18) 42... Kg7 43. Rd3 (43. Ra7 Bf6 44. h5 gxh5 45. Rd3
$18) 43... f5 44. Rf3 fxe4 45. Bxe4 Rxf3 46. Bxf3 Rf8 47. Kg2 Rf4 48. h5 gxh5
49. Bxh5 Kf6 50. Be2 Bd4 51. f3 Ke5 52. Ra5 (52. Bxb5 Rf7) 52... Rf7 53. Rxb5+
Kf4 54. h4 Ra7 55. Ra5 Rg7+ 56. Rg5 Rxg5+ 57. hxg5 Kxg5 58. Kg3 $2 {Of course,
simply pushing the pawns wins. I thought that White could gain a tempo to move
his king to the queenside by threatening f4.} (58. a4 Kf4 (58... d5 59. Ba6 Kf4
60. Bb7 Ke5 61. Kg3 $18) 59. a5 Bc3 (59... d5 60. Bd1 Ke3 61. Ba4 $18) 60. a6
Bd4 61. Bc4) 58... Be5+ 59. Kf2 Bd4+ 60. Ke1 $4 Bb2 {And here I froze,
realizing that I had blundered a pawn.} 61. a4 Bc3+ 62. Kd1 Bxb4 63. Kc2 Kf6 $2
(63... d5 64. Kd3 Bc5 {This is just an easy draw.}) 64. Kb3 Bd2 65. Kc4 Ke6 66.
Kb5 Kd7 (66... d5 67. a5 Kd6 68. Kb6 $1 $18) 67. Bc4 $18 Kc7 68. Bd5 Be3 69. a5
Bd2 (69... Kb8 70. a6 Ka7 71. Bc4 {wins anyway. White leaves his bishop on d3
and moves the f-pawn forward.}) 70. a6 Be3 71. f4 Kb8 72. f5 Bd4 73. Kc6 Ka7
74. Bc4 Be5 75. Bd3 Kb8 76. Kd7 {I was disappointed to have made such a hash
of a well-played game, but at least I was through to the next round.} 1-0

[Event "Eurotel Trophy"]
[Site "Prague"]
[Date "2002.05.02"]
[Round "4.1"]
[White "Anand, Viswanathan"]
[Black "Ivanchuk, Vassily"]
[Result "1/2-1/2"]
[WhiteElo "2752"]
[BlackElo "2711"]
[Annotator "Postny,E"]
[PlyCount "99"]
[EventDate "2002.04.28"]
[EventType "k.o. (rapid)"]
[EventRounds "5"]
[EventCountry "CZE"]
[SourceTitle "CBM 089"]
[Source "ChessBase"]
[SourceDate "2002.08.12"]
[SourceVersion "1"]
[SourceVersionDate "2002.08.12"]
[SourceQuality "1"]

1. e4 {Ftacnik} c5 2. Nf3 Nc6 3. Bb5 g6 4. Bxc6 dxc6 5. d3 Bg7 6. h3 Nf6 {
Another theoretical line continues with 6...e5.} 7. Nc3 Nd7 {Other theoretical
continuation is 7...0-0.} 8. Be3 e5 9. Qd2 Qe7 {Also frequently appeares in
practice 9...h6 /\ to prevent the manoeuvre Be3-h6.} 10. O-O {This move is not
the most flexible option and also has bad statistics for white. The main line
10.Bh6 should be prefered. For example see commented game Adams,M-Chandler,M/
Redbus KO Southend 2001/CBM 83 [Gershon]} Nf8 {[%cal Yf8e6]} 11. Bh6 Ne6 $5
$146 {Ftacnik: 'Ivanchuk has such an exceptional positional feeling, that he
can afford solutions, that are not standard. '} (11... f6 12. Bxg7 Qxg7 13. Ne2
Ne6 14. c3 O-O 15. d4 Rd8 16. Qe3 cxd4 17. cxd4 exd4 18. Nexd4 Nxd4 19. Nxd4 c5
20. Nb5 Qe7 21. Rfe1 b6 $11 {0-1 Baklan,V-Mochalov,E/Kiev 1995/CBM 51 (57)}) (
11... Bxh6 12. Qxh6 f6 13. Ne2 Ne6 14. c3 Bd7 15. a3 g5 16. d4 cxd4 17. cxd4
exd4 18. Nfxd4 Nxd4 19. Nxd4 O-O-O 20. Rfe1 Qe5 21. Rad1 g4 $15 {0-1 Wang
Rui-Ni Hua/Suzhou 2001/EXT 2002 (49)}) 12. Bxg7 Nxg7 {An original knight
fianchetto.} 13. Ne2 $6 (13. Nh2 $6 {[%cal Gf2f4]} g5) ({The only way to fight
for the advantage was:} 13. Qh6 $5 f6 14. Nh2 Be6 (14... g5 15. h4) 15. f4 {
as pointed by GM Shipov in ClubKasparov site.}) 13... f6 14. Nh2 {[%cal Gf2f4]}
(14. a3 {Ftacnik} a5 15. c3 g5 $13) 14... g5 $1 (14... O-O {Ftacnik} 15. f4 $14
) 15. a3 {[%cal Gb2b4]} a5 $1 {Black has consistantly prevented all of white's
active ideas: f2-f4 and b2-b4.} (15... O-O {Ftacnik} 16. b4 Rd8 17. bxc5 Ne6
$11) 16. c3 {A committing move. In the future white will have to play the
break in the centre d3-d4, otherwise the weakness of the Pd3 may become a
factor. However it's not easy to demonstrate a useful alternative plan.} (16.
b4 {Ftacnik} axb4 17. axb4 Rxa1 18. Rxa1 cxb4 19. d4 exd4 20. Nxd4 O-O $17)
16... O-O 17. Ng4 (17. d4 exd4 (17... cxd4 {Ftacnik} 18. cxd4 exd4 19. Qxd4 f5
$15) 18. cxd4 Qxe4 19. dxc5 Be6 $132) 17... Bxg4 (17... Be6 {Ftacnik} 18. Nh6+
Kh8 19. Qe3 $11) 18. hxg4 h5 19. b4 $2 {Anand in a hurry to carry out the
break on the queenside, but it turns out to be in black's favour.} (19. gxh5
Nxh5 20. Qe3 $11) 19... axb4 20. axb4 cxb4 21. cxb4 hxg4 22. Ng3 Ne6 {An
interesting question here is: Whose weaknesses are the more important, white's
on f4 and d4 or black's on f5?} 23. Nf5 Qd7 24. Qe2 (24. Nh6+ Kh8 25. Nxg4 Nf4
{and black is on top.}) 24... Nd4 25. Qxg4 Nxf5 26. exf5 Rad8 {[%csl Rd3]
White has no compensation for his pawn islands, especially Pd3. Black has a
big advantage.} 27. Ra3 (27. Ra7 Rf7 $1 {[%cal Yf7b7]}) 27... Kg7 (27... Qf7 $1
{Ftacnik} 28. Re1 Rd4 29. Re4 Rfd8 $17) 28. d4 {It's a very depressing
position for white to defend, that's why Anand decides to get rid of his weak
P immediately to get some counterchances. Ftacnik: 'With the passive defence
white was facing only problems and a slow death.'} exd4 (28... Qxd4 {Ftacnik}
29. Qh5 Rf7 30. Qg6+ Kf8 31. Rh3 Ke7 $17) 29. f4 d3 {[%csl Yd4] The threat Qd4
forcing white to exchange QQ and the forthcoming endgame is winning for black.}
30. fxg5 Qd4+ 31. Qxd4 Rxd4 32. g6 {[%csl Gg6] This pawn is white's last hope..
.} Rfd8 33. Rd1 R8d5 $6 ({The winning line seems to be:} 33... d2 34. Re3 (34.
Ra2 R8d5 $19) (34. Rh3 Rxb4 35. Rh7+ Kg8 36. Rf7 c5 37. Rxf6 c4 38. Rf7 Rb6 $1
39. f6 (39. Rc7 Rc6) 39... Rxf6 40. Rxf6 c3 $19) 34... Rxb4 35. Re7+ Kg8 36.
Kf2 b5 37. Ke3 Rbd4 38. Re6 c5 39. Rxf6 c4 40. Rc6 b4 41. f6 c3 $19) 34. Ra5 $1
Rxa5 $2 {It's amazing, but after this obvious exchange there is no clear win
for black...The main factor is that white is actually playing with an "extra"
K.} (34... Re5 35. Kf2 Rf4+ (35... Rxb4 36. Rxe5 Rf4+ 37. Ke3 fxe5 38. Rxd3
Rxf5 39. Rd7+ Kxg6 40. Rxb7 {and the draw is not far away.}) 36. Kg3 Rfxf5 37.
Rxd3 Rxa5 38. bxa5 {White has good drawing chances.}) ({The best decision was
to admit the previous inaccuracy:} 34... Rd8 $1 {White has no move better, than
} 35. Ra3 {and now} d2 {is winning - see 33...d2.}) 35. bxa5 c5 (35... d2 36.
Kf2 Rf4+ 37. Ke3 Rxf5 38. Rxd2 Rxa5 39. Rd7+ Kxg6 40. Rxb7 {White has good
chances to save the game.}) 36. Kf2 c4 {It looks like white should resign, but
it's only from the first glance...} 37. Ke3 Rd5 38. g4 $1 Rxa5 ({An attempt to
play for a zugzwang is not sufficient as well:} 38... Kg8 39. a6 $1 (39. Ke4
Rxa5 40. Kd4 b5 41. g5 fxg5 42. f6 Ra8 43. Ke5 b4 44. Kf5 b3 45. Kxg5 b2 46.
Kh6 Rf8 $1 $19) 39... bxa6 40. Kd2 {[%csl Rc4][%cal Gd2c3]}) 39. Kd4 b5 40. Rh1
$1 $132 {'!' Ftacnik. Black has 3! connected passed pawns, but white's
counterplay is good enough to keep the balance. Ftacnik: 'Very original
position, white is probably having enough counterplay despite the
threateningly looking chain of black's pawns.'} Ra8 (40... Ra3 {[%cal Gd3d2]}
41. Rh2 $1) (40... Kg8 $2 41. g5 fxg5 42. f6) (40... d2 {Ftacnik} 41. Kc3 Ra2
42. Rh7+ Kg8 43. Rd7 $11) 41. Rh7+ Kg8 42. Rd7 $1 {[%mdl 256] putting the R on
the file of the most dangerous black's P.} Rf8 {Preventing white's idea of
g4-g5. On the other hand the black R on f8 fulfills only defensive functions,
and thus does not support it's pawn advance.} ({An amazing position could
arise after} 42... Rc8 $2 43. g5 c3 44. gxf6 d2 45. Ke5 c2 46. Rg7+ Kf8 47. Rh7
{[%cal Rh7h8]} Rc5+ 48. Kf4 $18) 43. Kc3 Rc8 {[%cal Gb5b4]} 44. g5 $1 (44. Rb7
$2 Rd8 {[%csl Gd3][%cal Gd3d2]}) 44... Rf8 (44... b4+ 45. Kxb4 c3 46. gxf6 c2
47. Rg7+ Kf8 48. Rh7 Rb8+ $1 (48... Ke8 $2 49. Rh8+ Kd7 50. Rxc8 Kxc8 51. f7
c1=Q 52. f8=Q+ $18) 49. Ka4 Ke8 50. Re7+ Kf8 $11) 45. gxf6 Rxf6 46. Rd5 Rb6 47.
Rd8+ Kg7 48. Rd7+ {Black can not avoid the perpetual.} Kg8 (48... Kf6 $4 49.
Rf7+ Ke5 50. g7 Rb8 51. Rf8 $18) 49. Rd8+ Kg7 50. Rd7+ {Another great escape
for the "slippery" Indian. It contributed greatly to his ultimate victory in
the tournament.} 1/2-1/2

[Event "Eurotel Trophy"]
[Site "Prague"]
[Date "2002.05.02"]
[Round "4.3"]
[White "Ivanchuk, Vassily"]
[Black "Anand, Viswanathan"]
[Result "1/2-1/2"]
[WhiteElo "2711"]
[BlackElo "2752"]
[Annotator "Huzman,A"]
[PlyCount "68"]
[EventDate "2002.04.28"]
[EventType "k.o. (rapid)"]
[EventRounds "5"]
[EventCountry "CZE"]
[SourceTitle "CBM 089"]
[Source "ChessBase"]
[SourceDate "2002.08.12"]
[SourceVersion "1"]
[SourceVersionDate "2002.08.12"]
[SourceQuality "1"]

1. d4 d5 2. c4 dxc4 3. e3 Nf6 4. Bxc4 e6 5. Nf3 c5 6. Qe2 a6 7. dxc5 Bxc5 8.
O-O b5 9. Bd3 Nc6 10. Nbd2 O-O 11. Nb3 Bd6 12. e4 Qc7 {[%cal Yf6g4,Yg4e5]} (
12... Ng4 13. Bg5 f6 14. Bh4 Nce5 15. Nxe5 Nxe5 16. Rfd1 Qe7 17. Bg3 Rd8 18.
Nd4 Bb7 19. Bc2 Nc4 20. Bb3 {1/2-1/2 Shipov,S-Karjakin,S/Moscow RUS 2002/ (20)}
) 13. h3 Bb7 14. Bg5 Rac8 $1 15. Rac1 {[%cal Gb3c5]} Qb8 16. Rfd1 (16. Nc5 $2
Bxc5 17. Rxc5 Nd4 $17) (16. Be3 $2 Nb4 $17) 16... Ne5 $6 (16... Nd7 $5 17. Bb1
Nce5 $11) 17. Nxe5 Bxe5 18. Nc5 $14 h6 19. Be3 Rfd8 {[%cal Yf6d7]} 20. b4 Nd7
21. Nxb7 Qxb7 22. Rxc8 Rxc8 (22... Qxc8 23. a4 (23. Rc1 Qb7 $11) 23... bxa4 24.
Bxa6 Qc7 25. Qa2 (25. Bb5 a3 26. Qd2 Ra8 $1 $15) 25... Nf6 26. Rxd8+ Qxd8 27.
Qxa4 Nxe4 $14) 23. a4 Rb8 24. axb5 axb5 25. Rc1 Bd6 $11 26. Qd2 (26. Ra1 Ne5
27. Bf4 $11 (27. Ra7 Qc6 $15)) 26... Ne5 27. Be2 $2 (27. Bxb5 Bxb4 28. Qxb4 Nd3
29. Qc4 Qxb5 $11 (29... Nxc1 30. Ba6 Qb1 31. Bxc1 Ra8 $11)) 27... Rd8 28. Kh1
$6 (28. Qc2 Bxb4 29. Qb1 Bd6 30. Rd1 b4 31. Bc5 Qc6 32. Qxb4 Rb8 33. Qd4 $11)
28... Qxe4 29. Bxb5 Qxb4 30. Qxb4 Bxb4 $15 {/-/+} 31. Be2 Ng6 32. Rd1 Rxd1+ 33.
Bxd1 Ne7 34. g3 Nd5 1/2-1/2